Catálogo
 En Linea

Epistolario. / (Registro nro. 15894)

Detalles MARC
000 -CABECERA
campo de control de longitud fija 00595cam a22001691 4500
001 - NÚMERO DE CONTROL
campo de control 000016359
005 - FECHA Y HORA DE LA ÚLTIMA TRANSACCIÓN
campo de control 20200929164404.0
008 - DATOS DE LONGITUD FIJA--INFORMACIÓN GENERAL
campo de control de longitud fija 790212s1960 mx 000 0 spa
040 ## - FUENTE DE LA CATALOGACIÓN
Centro catalogador/agencia de origen DO-SdBNP
Lengua de catalogación spa
Centro/agencia transcriptor BNPHU
100 1# - ENTRADA PRINCIPAL--NOMBRE DE PERSONA
Nombre de persona Olmedo, Jose Joaquin de,
Fechas asociadas al nombre 1780-1847.
9 (RLIN) 36481
245 00 - MENCIÓN DE TÍTULO
Título Epistolario. /
Mención de responsabilidad, etc. [Prólogo y seleccion de Aurelio Espinosa Polit].
260 ## - PUBLICACIÓN, DISTRIBUCIÓN, ETC.
Lugar de publicación, distribución, etc. Puebla, México, :
Nombre del editor, distribuidor, etc. J. M. Cajica, Jr.,
Fecha de publicación, distribución, etc. [1960].
300 ## - DESCRIPCIÓN FÍSICA
Extensión 619 p. ;
Dimensiones 22 cm.
490 0# - MENCIÓN DE SERIE
Mención de serie Biblioteca ecuatoriana minima. La colonia y la republica
700 2# - PUNTO DE ACCESO ADICIONAL--NOMBRE DE PERSONA
Nombre de persona Espinosa Polit, Aurelio.
9 (RLIN) 36482
910 ## - DATOS DE OPCIÓN DEL USUARIO (OCLC)
Datos de opción del usuario Catalogación derivada
Existencias
Estado de retiro Estado de pérdida Restricciones de uso No para préstamo Código de colección Localización permanente Ubicación/localización actual Ubicación en estantería Fecha de adquisición Número de inventario Total de préstamos Signatura topográfica completa Código de barras Fecha visto por última vez Precio válido a partir de Tipo de ítem Koha
      Excluido de préstamo Monografías: Libros y Folletos General General Depósito 03.03.2010 LF1   16359-10 25.06.2020 25.06.2020 No se presta

Con tecnología Koha